1821 1761 1176 1004 1148 1839 1680 1613 1724 1390 1654 1381 1133 1023 1464 1739 1402 1712 1688 1077 1644 1468 1472 1264 1389 1248 1731 1098 1950 1698 1754 1699 1937 1735 1128 1462 1730 1096 1010 1397 1014 1444 1275 1609 1665 1639 1743 1574 1749 1305 1121 1650 1697 1052 1107 1108 1095 1868 1094 1596 1783 1176 1573 1205 1058 1199 1278 1031 1596 1683 1534 1826 1343 1000 1169 1197 1832 1477 1124 1726 1193 1363 1774 1446 1478 1073 1921 1643 1592 1702 1240 1712 1273 1476 1872 1580 1125 1536 1337 BCNSPRNW ULIB Ver.6.0+V

เปลี่ยนเป็นภาษาไทย

Change to English
 แสดงรายละเอียดบรรณานุกรม
  กลับหน้าหลัก

Brief Record : Get Marc (ISO 2709) : E-mail record : QR code < ปิดหน้าต่าง
LEADER : 00000nam 2200000uu 4500
001    13399109848
003     ULIB
008    110412s2552||||th 000 0 tha d
020    9786119006638
060  4 WT100^bส899ส 2552
100 0  เสนอ อินทรสุขศรี
245 00 สุขอนามัยผู้สูงอายุวัยกับการดำรงชีพอย่างมีความสุข^cเสนอ อินทรสุขศรี
246 0  หนังสือเพื่อสุขภาพของบุคคลที่เคารพรัก สุขอนามัยผู้สูงอายุวัยกับการดำรงชีพอย่างมีความสุข
250    พิมพ์ครั้งที่ 6
260    กรุงเทพฯ:^bพิมพ์ทอง,^c2552
300    424 หน้า:^bภาพประกอบ.
650  7 โรค^xผู้สูงอายุ
945    ^p299^l0^i026843
945    ^p299^l0^i026842
945    ^p299^l0^i026841
995    เกษร
999 ^a ใช้งานได้ทุกระบบ
รายการนี้ยังไม่มีแท็ก
คุณยังไม่ได้ล็อกอิน คุณสามารถมีกิจกรรมร่วมกับเว็บไซต์ได้ แต่ต้องล็อกอินก่อน ::
  ล็อกอิน

รายการสื่อสารสนเทศ

ลำดับที่ ประเภท เลขเรียก/บาร์โค้ด สถานที่ สถานะ
- ไม่พบข้อมูล -

BibComment


ยังไม่เคยถูกคอมเมนท์

คอมเมนท์ทรัพยากรรายการนี้
  คอมเมนท์: สุขอนามัยผู้สูงอา..


 Copyright 2026. Bcnsprnw @Library